000 00422nam a2200181Ia 4500
008 180207s9999 xx 000 0 und d
020 _a9780545804905
050 _bD139 2013
100 _aDale, Penny
245 _aDinosaur rescue! /
245 _cby Penny Dale.
260 _aNew York :
260 _bScholastic,
260 _c2013
300 _aunpaged :
300 _bcolor illustrations ;
300 _c25cm.
999 _c355842
_d355842